书目信息 |
| 题名: |
敦煌文学
|
|
| 作者: | 张锡厚 著 | |
| 分册: | ||
| 出版信息: | 上海 上海古籍出版社 1980 |
|
| 页数: | 132页 | |
| 开本: | 19cm | |
| 丛书名: | 中国古典文学基本知识丛书 | |
| 单 册: | ||
| 中图分类: | I206.2 , K870.6 | |
| 科图分类: | ||
| 主题词: | 敦煌学-文学研究--中国 , 文学研究-敦煌学--中国 | |
| 电子资源: | ||
| ISBN: | 10186.183 | |
| 000 | 00764oam2 2200277 450 | |
| 001 | 0180004402 | |
| 005 | 20100712215800.0 | |
| 010 | @a10186.183@dCNY0.33 | |
| 091 | @a10186.183 | |
| 100 | @a19950224d1980 emky0chiy0110 ea | |
| 101 | 0 | @achi |
| 102 | @aCN@b310000 | |
| 105 | @ac z 000yy | |
| 106 | @ar | |
| 200 | 1 | @a敦煌文学@9Dun;Dui Huang Wen Xue @f张锡厚著 |
| 210 | @a上海@c上海古籍出版社@d1980 | |
| 215 | @a132页@c照片@d19cm | |
| 225 | 2 | @a中国古典文学基本知识丛书 |
| 461 | 0 | @12001 @a中国古典文学基本知识丛书 |
| 606 | 0 | @a敦煌学-文学研究@y中国 |
| 606 | 0 | @a文学研究-敦煌学@y中国 |
| 690 | @aI206.2@v3 | |
| 690 | @aK870.6@v3 | |
| 701 | 0 | @a张锡厚@9zhang xi hou@4著 |
| 801 | 0 | @aCN@bAzMarc@c20130904 |
| 905 | @aBZT@dI206.2@e87@f2@sI206.2/87 | |
| 敦煌文学/张锡厚著.-上海:上海古籍出版社,1980 |
| 132页:照片;19cm.-(中国古典文学基本知识丛书) |
| ISBN 10186.183:CNY0.33 |
| ● |
| 相关链接 |
|
|
|
正题名:敦煌文学
索取号:I206.2/87
 
预约/预借
| 序号 | 登录号 | 条形码 | 馆藏地/架位号 | 状态 | 备注 |
| 1 | 2000079841 | 2000079841 | 旧书回溯/ [索取号:I206.2/87] | 在馆 | |
| 2 | 2000144534 | 2000144534 | 旧书回溯/ [索取号:I206.2/87] | 在馆 |